00968nam a22002417a 45000010005000000030006000050050017000110080041000280200018000690400029000870500013001160820011001291000021001402450123001612500045002842600039003293000044003685050008004125200235004205210021006555210020006766500030006965093FISKH20241106084401.0241106b cb ||||| |||| 00| 0 eng d a9780545622943 aFISKHbengcFISKHdFISKH aD769.348 a940.54 aStone, Tanya Lee aCourage Has No Color :bThe True Story of the Triple Nickles: America's First Black Paratroopers /cby Tanya Lee Stone aFirst Scholastic printing, November 2013 aNew York : bScholastic ;c2013 .  a147 pages : billustrations ;c23 cm .  aZ  aExamines the role of African-Americans in the military through the history of the Triple Nickles, America's first black paratroopers, who fought against attacks perpetrated on the American West by the Japanese during World War II.8 a1090 bLexile 8 aZ bRaz-Plus  aparatroopersvnon-fiction